Getting what you deserve (Record no. 72769)

MARC details
000 -LEADER
fixed length control field 01035cam a2200205 4500
001 - CONTROL NUMBER
control field ABS66736
008 - FIXED-LENGTH DATA ELEMENTS--GENERAL INFORMATION
fixed length control field 030527n2003 000 0 eng u
035 ## - SYSTEM CONTROL NUMBER
System control number (Sirsi) u122423
100 ## - MAIN ENTRY--PERSONAL NAME
Personal name Bessey, J.
245 ## - TITLE STATEMENT
Title Getting what you deserve
260 ## - PUBLICATION, DISTRIBUTION, ETC.
Date of publication, distribution, etc. 2003
490 ## - SERIES STATEMENT
Series statement Building
Volume/sequential designation 268(8278) 11 April 2003, 56(1)
520 ## - SUMMARY, ETC.
Summary, etc. Discusses quantum meruit cases which have taken up a great deal of court time over recent years. Refers in particular to "A L Barnes Ltd v Time Talk (UK) Ltd" ([2003] EWCA Civ 402; [2003] BLR 331-339(9) where the latter was content to engage a shopfitting contractor to work on particular sites without agreeing a price for that work. After the predictable breakdown of the contract Time Talk reviewed the work of Barnes and found that a project manager retained and paid by Time Talk was also receiving payment from Barnes.
590 ## - LOCAL NOTE (RLIN)
Local note ABS
650 ## - SUBJECT ADDED ENTRY--TOPICAL TERM
Topical term or geographic name entry element AL BARNES LTD V TIME TALK (UK) LTD
650 ## - SUBJECT ADDED ENTRY--TOPICAL TERM
Topical term or geographic name entry element QUANTUM MERUIT
650 ## - SUBJECT ADDED ENTRY--TOPICAL TERM
Topical term or geographic name entry element FRAUD
690 ## - LOCAL SUBJECT ADDED ENTRY--TOPICAL TERM (OCLC, RLIN)
Topical term or geographic name as entry element PROJECT MANAGEMENT-CASE LAW
942 ## - ADDED ENTRY ELEMENTS (KOHA)
Suppress in OPAC 0
Holdings
Withdrawn status Lost status Source of classification or shelving scheme Damaged status Not for loan Home library Current library Shelving location Date acquired Total Checkouts Full call number Barcode Date last seen Copy number Price effective from Koha item type
    Dewey Decimal Classification     London London Journal article 27/05/2003   ABS66736 122423-1001 06/08/2019 1 06/08/2019 Journal article